MARC details
| 000 -CABECERA |
| campo de control de longitud fija |
02009nab a2200277 a 4500 |
| 005 - FECHA Y HORA DE LA ÚLTIMA TRANSACCIÓN |
| campo de control |
20251002072701.0 |
| 008 - ELEMENTOS DE LONGITUD FIJA--INFORMACIÓN GENERAL |
| campo de control de longitud fija |
991125c2015 cu qr p o 000 0 spa d |
| 035 ## - NÚMERO DE CONTROL DEL SISTEMA |
| Número de control de sistema |
UPN01000207530 |
| 040 ## - FUENTE DE LA CATALOGACIÓN |
| Centro catalogador/agencia de origen |
MX-MxUPN |
| Lengua de catalogación |
spa |
| Centro/agencia transcriptor |
MX-MxUPN |
| Normas de descripción |
aacr2 |
| 049 ## - COLECCIÓN |
| Colección |
ART-E |
| 100 1# - ASIENTO PRINCIPAL--NOMBRE PERSONAL |
| Nombre de persona |
Gómez García, Antonio Ramón |
| 100 1# - ASIENTO PRINCIPAL--NOMBRE PERSONAL |
| Filiación |
antonio.gomez@uisek.edu.ec |
| 100 1# - ASIENTO PRINCIPAL--NOMBRE PERSONAL |
| Nombre de persona |
Suasnavas Bermúdez, Pablo Roberto |
| 100 1# - ASIENTO PRINCIPAL--NOMBRE PERSONAL |
| Nombre de persona |
Dávila Rodriguez, Pablo Ramiro |
| 245 10 - MENCIÓN DE TÍTULO |
| Título |
Caracterización de las investigaciones de tesis de postgrado en salud laboral de la Universidad Internacional Sek - Ecuador |
| 506 0# - NOTA DE RESTRICCIONES AL ACCESO |
| Limitaciones de acceso |
Acceso abierto |
| 520 3# - NOTA DE RESUMEN, ETC. |
| Sumario, etc. |
Las tesis de maestrías el resultado visible de la producción científica de las universidades. El objetivo principal de este estudio fue analizar la producción y temáticas en salud laboral de las tesis de postgrados de la Maestría en Seguridad y Salud Ocupacional a través de indicadores como: técnica preventiva empleada, temática y diseño de investigación, entre otras variables. La especialidad de Medicina Laboral como tema de tesis se ha incrementado en 2015, la temática sigue siendo las lesiones músculo - esqueléticas cuya metodología corresponde a estudios de tipo transversal y descriptivo. Surge la necesidad de crear una cultura de investigación en los médicos ocupacionales con el objetivo de realizar estudios de pre y post intervención, longitudinales y de carácter analístico, relación causa - efecto. Así mismo, abarcar nuevas líneas de investigación, en concreto, vigilancia de la salud y enfermedades profesionales ajustadas a la realidad ecuatoriana. |
| 650 #4 - ASIENTO SECUNDARIO DE MATERIA - TERMINO TEMATICO |
| Término de materia o nombre geográfico como elemento de entrada |
Tesis y disertaciones académicas |
| 9 (RLIN) |
12172 |
| 650 #4 - ASIENTO SECUNDARIO DE MATERIA - TERMINO TEMATICO |
| Término de materia o nombre geográfico como elemento de entrada |
Educación superior |
| 9 (RLIN) |
32 |
| 653 0# - TERMINO DE INDIZACION - NO CONTROLADO |
| Término no controlado |
Salud ocupacional |
| 773 ## - ENLACE AL DOCUMENTO FUENTE/ENTRADA DE REGISTRO ANFITRIÓN |
| Parte(s) relacionada(s) |
Vol. 6, no. 6 (2015), p. 131-140 |
| Título |
Didasc@lia : didáctica y educación |
| Número Internacional Normalizado para Publicaciones Seriadas |
2224-2643 |
| 856 4# - LOCALIZACIÓN Y ACCESO ELECTRÓNICOS |
| Identificador Uniforme del Recurso |
<a href="https://revistas.ult.edu.cu/index.php/didascalia/article/view/440">https://revistas.ult.edu.cu/index.php/didascalia/article/view/440</a> |
| 902 ## - ELEMENTOS DE DATOS B LOCAL, LDB (RLIN) |
| Creó |
Gloria Jiménez/021025 |
| 905 ## - TIPO DE MATERIAL |
| Tipo de material |
Articulo |
| 942 ## - ELEMENTOS DE PUNTO DE ACCESO ADICIONAL (KOHA) |
| Tipo de ítem Koha |
Artículo Electrónico |